Welcome to CU Library Online Public Access Catalogue (OPAC)

Synopsis of the four gospels : (Record no. 3930)

MARC details
000 -LEADER
fixed length control field 00900cam a2200205 i 4500
001 - CONTROL NUMBER
control field 2240137
005 - DATE AND TIME OF LATEST TRANSACTION
control field 20250218120403.0
008 - FIXED-LENGTH DATA ELEMENTS--GENERAL INFORMATION
fixed length control field 761124s1976 gw 000 0 eng
020 ## - INTERNATIONAL STANDARD BOOK NUMBER
International Standard Book Number 3438054051 (United Bible Societies) :
Terms of availability DM44.00
041 0# - LANGUAGE CODE
Language code of text/sound track or separate title enggrc
050 00 - LIBRARY OF CONGRESS CALL NUMBER
Classification number BS2560.A2
Item number A35 1976
082 00 - DEWEY DECIMAL CLASSIFICATION NUMBER
Classification number 226/.1
245 10 - TITLE STATEMENT
Title Synopsis of the four gospels :
Remainder of title Greek-Engl. ed. of the synopsis quattuor evangeliorum ; completely rev. on the basis of the Greek text of Nestle-Aland 26th ed. and Greek New Testament 3rd ed. ; the Engl. text is the 2. ed of the rev. standard version United Bible Societies /
Statement of responsibility, etc. ed. by Kurt Aland.
260 ## - PUBLICATION, DISTRIBUTION, ETC.
Place of publication, distribution, etc. Stuttgart :
Name of publisher, distributor, etc. Württembergische Bibelanstalt,
Date of publication, distribution, etc. 1976.
300 ## - PHYSICAL DESCRIPTION
Extent xxx, 338, 361 p. ;
Dimensions 28 cm.
500 ## - GENERAL NOTE
General note On t.p.: United Bible Societies.
500 ## - GENERAL NOTE
General note Opposite pages numbered in duplicate up to p. 338.
700 1# - ADDED ENTRY--PERSONAL NAME
Personal name Aland, Kurt,
Relator term ed.
942 ## - ADDED ENTRY ELEMENTS (KOHA)
Source of classification or shelving scheme Library of Congress Classification
Koha item type Books
Suppress in OPAC No
999 ## -
-- 3930
-- 3930
Holdings
Withdrawn status Lost status Source of classification or shelving scheme Damaged status Not for loan Collection Home library Current library Shelving location Date acquired Total checkouts Full call number Barcode Date last seen Copy number Price effective from Koha item type
    Library of Congress Classification     Non-fiction Graduate Library (Christ Temple) Graduate Library (Christ Temple) General stacks 02/18/2025   BS 2560.A2A35 SYN GSCT00000512 02/18/2025 1 02/18/2025 Books
© 2023-2024 Copyright: Central University Libraries. All Rights Reserved | Created by: Mahone Tech Office